2012 9th International Pipeline Conference - Volume 1: Upstream Pipelines; Project Management; Design and Construction; Environment; Facilities Integrity Management; Operations and Maintenance; Pipeline Automation and Measurement

Λεπτομέρειες βιβλιογραφικής εγγραφής
Μορφή: Ηλεκτρονική πηγή Επιστημονικό περιοδικό
Γλώσσα:English
Έκδοση: ASME
Διαθέσιμο Online:Full text available on ASME[2012-2012]
Off-campus access
LEADER 01116cas a2200181 a 4500
001 AALConferenceProceedingsASME000959
008 230101c9999 xx r poo 0 0eng d
020 |a 978-0-7918-4512-7 
040 |a BD-DhAAL  |c BD-DhAAL 
245 0 0 |h [electronic resource]  |a 2012 9th International Pipeline Conference - Volume 1: Upstream Pipelines; Project Management; Design and Construction; Environment; Facilities Integrity Management; Operations and Maintenance; Pipeline Automation and Measurement 
260 |b ASME 
300 |a 1 online resource 
500 |a <strong>Off-Campus Access:</strong> Athens ID and Password Required 
500 |a <strong>On-Campus Access:</strong> No User ID or Password Required 
506 |a Electronic access restricted to authorized BRAC University faculty, staff and students 
538 |a Mode of access: Internet 
856 4 0 |z Full text available on ASME[2012-2012]  |u https://asmedigitalcollection.asme.org/IPC/IPC2012/volume/45127 
856 4 0 |z Off-campus access  |u https://go.openathens.net/redirector/bracu.ac.bd?url=https%3A%2F%2Fasmedigitalcollection.asme.org%2FIPC%2FIPC2012%2Fvolume%2F45127